000 00482nam a2200169 i 4500
001 69067
003 ES-MaACL
005 20230906170427.0
007 t|
008 040908q20002004sp ||||1| spa d
080 _a502.4(460)(084)
245 0 4 _aLos parques y reservas naturales mas bellos de España.
260 _a[Madrid] :
_bCultura,
_c[20-?]
300 _a284 p. :
_bil. ;
_c31 cm.
650 1 4 _aParques nacionales-
_zEspaña.
_915847
852 _aES-MaACL
_jL-28035
_bR.133836
999 _c69067
_d69067